000 01001nam a2200229Ia 4500
001 11446
003 GE_BSU
008 181216s||||||||xx |||||||||||||| ||und||
040 _cGE_BSU
080 _a63(075.8)
100 _aა.ათანელაშვილი;ი.დოლიძე;პ.კაჭარავა და სხვ.
245 _aსოფლის მეურნეობის საფუძვლები.
245 _bსახელმძღვანელო პედაგოგიური ინ-ტების სტუდენტებისათვის.
245 _cრედ:გ.ნაცვლიშვილი.
250 _aმე-2 შესწორ. და გადამუშ. გამოც.
260 _aთბილისი.
260 _bგანათლება.
260 _c1972.
300 _a538გვ;22სმ.
653 _aსოფლის მეურნეობის საფუძვლები.
942 _cBK
999 _c44643
_d44643